[Event "9ème Open International de Rouen"]
[Site "Hôtel de Région - 76000 Rouen"]
[Date "2016.12.17"]
[Round "1.30"]
[White "Vigneron, Frederic"]
[Black "Colin-Chen, Christine"]
[Result "1-0"]
[WhiteElo "1800"]
[BlackElo "1359"]
[PlyCount "45"]
[EventDate "2016.??.??"]

1. d4 Nf6 2. c4 d6 3. Nc3 g6 4. e4 Bg7 5. Be2 O-O 6. Bg5 Nbd7 7. Qd2 c5 8. d5
Nb6 9. f4 h6 10. Bh4 Bg4 11. Bxf6 Bxe2 12. Bxg7 Kxg7 13. Qxe2 e6 14. Nf3 a6
15. O-O Qe7 16. Rae1 Rae8 17. e5 Nd7 18. exd6 Qxd6 19. Qd2 Nf6 20. dxe6 Qxd2
21. Nxd2 fxe6 22. Nde4 Rd8 23. Nxc5 1-0

[Event "9ème Open International de Rouen"]
[Site "Hôtel de Région - 76000 Rouen"]
[Date "2016.12.17"]
[Round "1.31"]
[White "Delin, Valere"]
[Black "Yuan, Beline"]
[Result "1-0"]
[WhiteElo "1346"]
[BlackElo "1800"]
[PlyCount "81"]
[EventDate "2016.??.??"]

1. e4 e6 2. Qe2 c5 3. c3 Nc6 4. f4 Nf6 5. d3 d5 6. Nf3 b6 7. g3 Ba6 8. Nbd2
dxe4 9. Nxe4 Nxe4 10. Qxe4 Qd5 11. Be3 Rd8 12. O-O-O Bb7 13. Qxd5 Rxd5 14. Bg2
Rd8 15. Rhe1 Be7 16. f5 exf5 17. Nh4 O-O 18. Nxf5 Bf6 19. Bf4 g5 20. Bd6 Rfe8
21. Bc7 Rc8 22. Rxe8+ Rxe8 23. Nd6 Re7 24. Bxc6 Bxc6 25. Bd8 Re6 26. Bxf6 Rxf6
27. Nc8 Bd7 28. Nxa7 b5 29. c4 b4 30. Re1 Rd6 31. Re5 f6 32. Rxc5 Rxd3 33. Rd5
Rxd5 34. cxd5 Kf7 35. Nc6 Bxc6 36. dxc6 Ke7 37. Kc2 Kd6 38. Kb3 Kxc6 39. Kxb4
f5 40. Kc4 h5 41. Kd4 1-0

[Event "9ème Open International de Rouen"]
[Site "Hôtel de Région - 76000 Rouen"]
[Date "2016.12.17"]
[Round "1.32"]
[White "Bertrand, Julien"]
[Black "Mignot, Philippe"]
[Result "0-1"]
[WhiteElo "1799"]
[BlackElo "1321"]
[PlyCount "48"]
[EventDate "2016.??.??"]

1. Nf3 Nf6 2. g3 d5 3. Bg2 Bf5 4. c4 e6 5. Qb3 Nc6 6. a3 Rb8 7. d3 Qd7 8. Bd2
Be7 9. O-O O-O 10. h3 h6 11. Rc1 d4 12. Bb4 Rfe8 13. Nbd2 e5 14. Kh2 Bxb4
15. axb4 e4 16. b5 exf3 17. bxc6 bxc6 18. Bxf3 Rxb3 19. Nxb3 Bxh3 20. Rxa7 Bg4
21. Nc5 Qf5 22. Ne4 Bxf3 23. exf3 Nxe4 24. dxe4 Qxf3 0-1

[Event "9ème Open International de Rouen"]
[Site "Hôtel de Région - 76000 Rouen"]
[Date "2016.12.17"]
[Round "1.33"]
[White "Ayoub, Alexandre"]
[Black "Guillaumat, Jean-Pierre"]
[Result "0-1"]
[WhiteElo "1303"]
[BlackElo "1794"]
[PlyCount "58"]
[EventDate "2016.??.??"]

1. e4 c5 2. Nf3 e6 3. d4 cxd4 4. Nxd4 a6 5. Nc3 d6 6. Bc4 Nf6 7. Be3 Be7
8. O-O O-O 9. Re1 Nbd7 10. Qd2 Nc5 11. Bd3 Qc7 12. Bg5 b5 13. a3 Bb7 14. Re3
Nxd3 15. Qxd3 Ne8 16. Bxe7 Qxe7 17. e5 dxe5 18. Rxe5 Rd8 19. Qe3 Nf6 20. Nf5
Qc7 21. Rc5 Qd7 22. Qg3 exf5 23. Rc7 Qd2 24. Rxb7 Qxc2 25. Rb1 Ne4 26. Qe3 Nxc3
27. Rc1 Ne2+ 28. Kf1 Rd1+ 29. Rxd1 Qxd1# 0-1

[Event "9ème Open International de Rouen"]
[Site "Hôtel de Région - 76000 Rouen"]
[Date "2016.12.17"]
[Round "1.34"]
[White "Chavane, Thibaut"]
[Black "Ferreira, Theo"]
[Result "1-0"]
[WhiteElo "1792"]
[BlackElo "1299"]
[PlyCount "51"]
[EventDate "2016.??.??"]

1. e4 e5 2. Nf3 Nc6 3. Bc4 Bc5 4. O-O Nf6 5. Re1 d6 6. h3 Be6 7. Bb5 O-O 8. c3
a6 9. Ba4 Ne7 10. d4 exd4 11. cxd4 Bb6 12. Nc3 c6 13. Bc2 h6 14. Bf4 Ng6
15. Bg3 Re8 16. Ne2 Ba5 17. Rf1 Bc4 18. e5 Nh5 19. Bh2 Ngf4 20. Nxf4 Nxf4
21. Bxf4 Bxf1 22. Qxf1 dxe5 23. Bxe5 f6 24. Bg3 Bb6 25. Qd3 Qd5 26. Bb3 1-0

[Event "9ème Open International de Rouen"]
[Site "Hôtel de Région - 76000 Rouen"]
[Date "2016.12.17"]
[Round "1.35"]
[White "Garcia, Frederic"]
[Black "Lelievre, Clement"]
[Result "0-1"]
[WhiteElo "1254"]
[BlackElo "1786"]
[PlyCount "58"]
[EventDate "2016.??.??"]

1. e4 d6 2. Nf3 Bg4 3. Be2 c5 4. O-O Nc6 5. b3 Nf6 6. d3 g6 7. Bb2 Bg7 8. Nfd2
Bd7 9. Na3 O-O 10. Nac4 b5 11. Ne3 Nxe4 12. Bxg7 Nxd2 13. Qxd2 Kxg7 14. Qc3+
Nd4 15. Qb2 Kg8 16. c3 Nxe2+ 17. Qxe2 Be6 18. Rfe1 a5 19. Qb2 a4 20. c4 axb3
21. axb3 Qb6 22. h3 Rfb8 23. Rxa8 Rxa8 24. Nd5 Bxd5 25. Rxe7 bxc4 26. dxc4 Bxc4
27. Re3 Be6 28. Qc3 d5 29. Re5 Ra3 0-1

[Event "9ème Open International de Rouen"]
[Site "Hôtel de Région - 76000 Rouen"]
[Date "2016.12.17"]
[Round "1.36"]
[White "Pineau, Jean-Jacques"]
[Black "Thery, Arthus"]
[Result "1/2-1/2"]
[WhiteElo "1779"]
[BlackElo "1254"]
[PlyCount "55"]
[EventDate "2016.??.??"]

1. e4 e6 2. d4 d5 3. e5 c5 4. c3 Nc6 5. Nf3 Qb6 6. Bd3 Bd7 7. O-O cxd4 8. cxd4
Nxd4 9. Nxd4 Qxd4 10. Nc3 a6 11. Qe2 Qa7 12. Kh1 Bc5 13. Qg4 Ne7 14. Bd2 Ng6
15. Rae1 Bxf2 16. Re2 Bd4 17. Bxg6 hxg6 18. Bg5 Bxc3 19. Qf4 O-O 20. Rf3 Bxe5
21. Qxe5 f6 22. Bxf6 Rxf6 23. Rxf6 gxf6 24. Qxf6 Rc8 25. Qxg6+ Kf8 26. Qf6+ Ke8
27. Rxe6+ Bxe6 28. Qxe6+ 1/2-1/2

[Event "9ème Open International de Rouen"]
[Site "Hôtel de Région - 76000 Rouen"]
[Date "2016.12.17"]
[Round "1.37"]
[White "Demol, Sylvain"]
[Black "Herault, Theotime"]
[Result "0-1"]
[WhiteElo "1250"]
[BlackElo "1772"]
[PlyCount "64"]
[EventDate "2016.??.??"]

1. e4 Nf6 2. Nc3 d5 3. d4 dxe4 4. Bc4 g6 5. h3 Bg7 6. Be3 O-O 7. Nge2 b6
8. Qd2 Nc6 9. Ng3 Na5 10. Be2 Bb7 11. f3 exf3 12. gxf3 Ne8 13. O-O-O Nd6
14. Rhg1 Nac4 15. Bxc4 Nxc4 16. Qe2 Nxe3 17. Qxe3 e6 18. Qf2 Qh4 19. Kb1 Rfd8
20. Nce2 Qf6 21. Qe3 Qxf3 22. Qc3 Qxc3 23. Nxc3 Rxd4 24. Nce2 Rd6 25. Nc3 Bxc3
26. Rxd6 cxd6 27. bxc3 Rc8 28. Kb2 Rc5 29. Rd1 Bd5 30. Rd3 Rb5+ 31. Kc1 Ra5
32. Ne2 Bc4 0-1

[Event "9ème Open International de Rouen"]
[Site "Hôtel de Région - 76000 Rouen"]
[Date "2016.12.17"]
[Round "1.38"]
[White "Ayoub, Georges"]
[Black "Guignard, Jonathan"]
[Result "1-0"]
[WhiteElo "1761"]
[BlackElo "1249"]
[PlyCount "51"]
[EventDate "2016.??.??"]

1. e4 c5 2. Nf3 Nc6 3. d4 cxd4 4. Nxd4 g6 5. Nc3 Bg7 6. Be3 d6 7. Bc4 Nf6
8. f3 O-O 9. Qd2 Re8 10. O-O-O Bd7 11. g4 Ne5 12. Bb3 a6 13. h4 b5 14. h5 e6
15. hxg6 fxg6 16. g5 Nh5 17. f4 Nf7 18. f5 exf5 19. exf5 Ng3 20. fxg6 Rxe3
21. gxf7+ Kf8 22. Qxe3 Nxh1 23. Rxh1 Bxd4 24. Qxd4 Qxg5+ 25. Kb1 Qg7 26. Qxd6#
1-0

[Event "9ème Open International de Rouen"]
[Site "Hôtel de Région - 76000 Rouen"]
[Date "2016.12.17"]
[Round "1.39"]
[White "Lebreton, Gabin"]
[Black "Cleaud, Cyril"]
[Result "1-0"]
[WhiteElo "1237"]
[BlackElo "1761"]
[PlyCount "99"]
[EventDate "2016.??.??"]

1. e4 c5 2. Nf3 Nc6 3. d4 cxd4 4. Nxd4 e6 5. Nc3 Bb4 6. Nxc6 bxc6 7. Qd3 Bxc3+
8. Qxc3 Qf6 9. Bd2 Rb8 10. Bd3 e5 11. O-O Ne7 12. Be3 a6 13. f4 d6 14. fxe5
Qxe5 15. Bd4 Qg5 16. Rf2 O-O 17. Be2 Bb7 18. Be3 Qh4 19. Rf4 Qg5 20. Rg4 Qe5
21. Bd4 Qe6 22. Rxg7+ Kh8 23. Rg6+ f6 24. Bxf6+ Rxf6 25. Qxf6+ Qxf6 26. Rxf6
Rd8 27. Raf1 c5 28. Rf8+ Rxf8 29. Rxf8+ Kg7 30. Rd8 Bxe4 31. Rxd6 Bxc2 32. Rxa6
Nf5 33. Rc6 Nd4 34. Bf3 Nxc6 35. Bxc6 Kf6 36. Kf2 Ke5 37. Ke2 Kd4 38. Kd2 Bd3
39. b3 Bb1 40. a4 Bd3 41. Bb5 Be4 42. g3 Bd5 43. Kc2 h6 44. a5 Bf3 45. a6 Ba8
46. Bd7 Kd5 47. Kc3 Kd6 48. Bc8 Kc6 49. Kc4 Kb6 50. Bb7 1-0

[Event "9ème Open International de Rouen"]
[Site "Hôtel de Région - 76000 Rouen"]
[Date "2016.12.17"]
[Round "1.40"]
[White "Cardon, Guillaume"]
[Black "Madon, Paul"]
[Result "1-0"]
[WhiteElo "1735"]
[BlackElo "1199"]
[PlyCount "57"]
[EventDate "2016.??.??"]

1. d4 Nc6 2. c4 e5 3. d5 Nf6 4. dxc6 Bb4+ 5. Bd2 Bc5 6. cxd7+ Bxd7 7. e3 Ne4
8. Nc3 Nf6 9. Nf3 Bg4 10. Be2 Bf5 11. Nxe5 O-O 12. g4 Be6 13. Qc2 Qd6 14. f4
Rfd8 15. O-O-O c6 16. g5 Ne8 17. Ne4 Qe7 18. Nxc5 Qxc5 19. Bd3 Kf8 20. a3 b5
21. Bb4 Qxb4 22. axb4 bxc4 23. Bxc4 a5 24. Bxe6 axb4 25. Qc5+ Nd6 26. Rxd6 Ra1+
27. Kc2 b3+ 28. Bxb3 Raa8 29. Rxd8# 1-0

[Event "9ème Open International de Rouen"]
[Site "Hôtel de Région - 76000 Rouen"]
[Date "2016.12.17"]
[Round "1.41"]
[White "Nguyen, Tristan"]
[Black "Piassale, Nils"]
[Result "0-1"]
[WhiteElo "1199"]
[BlackElo "1722"]
[PlyCount "90"]
[EventDate "2016.??.??"]

1. e4 e5 2. Nf3 Nc6 3. Bb5 a6 4. Ba4 Nf6 5. O-O Be7 6. d3 b5 7. Bb3 d6 8. a3
Bg4 9. Be3 O-O 10. Nbd2 Na5 11. Ba2 c5 12. h3 Bh5 13. Re1 Rc8 14. b4 Nb7 15. c4
Qd7 16. cxb5 axb5 17. Rc1 Rfe8 18. Nf1 Bf8 19. Ng3 Bg6 20. Nh4 d5 21. Nxg6 hxg6
22. Qb3 c4 23. dxc4 bxc4 24. Qc2 d4 25. Bg5 c3 26. Red1 Qc7 27. Kh1 Ra8 28. Qb3
Ra6 29. Kg1 Rea8 30. Bxf6 gxf6 31. Qd5 Rxa3 32. Bc4 Bxb4 33. Rb1 c2 34. Rdc1
cxb1=Q 35. Rxb1 R3a5 36. Qxf7+ Qxf7 37. Bxf7+ Kxf7 38. Rxb4 Nc5 39. Kf1 d3
40. Ke1 Ra1+ 41. Kd2 R8a2+ 42. Ke3 d2 43. Kf3 d1=Q+ 44. Ke3 Ra3+ 45. Rb3 Rxb3#
0-1

[Event "9ème Open International de Rouen"]
[Site "Hôtel de Région - 76000 Rouen"]
[Date "2016.12.17"]
[Round "1.42"]
[White "Bailly, Thierry"]
[Black "Garcia, Mael"]
[Result "1-0"]
[WhiteElo "1716"]
[BlackElo "1182"]
[PlyCount "51"]
[EventDate "2016.??.??"]

1. Nf3 c5 2. c4 d6 3. Nc3 Nf6 4. d4 cxd4 5. Nxd4 g6 6. e4 Bg7 7. Be2 O-O
8. Be3 Nc6 9. f3 Nxd4 10. Bxd4 Bd7 11. O-O Rc8 12. Qd2 Be6 13. b3 Qd7 14. Rad1
Rfd8 15. Bxa7 Qc6 16. Bd4 Ra8 17. Nd5 Bxd5 18. exd5 Qa6 19. a4 Nh5 20. Be3 Rac8
21. Rc1 b6 22. c5 Qb7 23. cxb6 Nf6 24. Bc4 Kh8 25. a5 Qd7 26. a6 1-0

[Event "9ème Open International de Rouen"]
[Site "Hôtel de Région - 76000 Rouen"]
[Date "2016.12.17"]
[Round "1.43"]
[White "Madon, Clement"]
[Black "Vouin, Denis"]
[Result "0-1"]
[WhiteElo "1168"]
[BlackElo "1709"]
[PlyCount "52"]
[EventDate "2016.??.??"]

1. e4 d5 2. exd5 Qxd5 3. Nc3 Qa5 4. Nf3 Nf6 5. g3 Bg4 6. Bg2 e5 7. d3 Nc6
8. Be3 O-O-O 9. a3 e4 10. Qe2 exf3 11. Bxf3 Bxf3 12. Qxf3 Bd6 13. O-O-O Bxa3
14. bxa3 Qxc3 15. Qf5+ Kb8 16. Rhe1 Rhe8 17. h4 Qxa3+ 18. Kd2 Qb4+ 19. Ke2 Nd4+
20. Kf1 Nxf5 21. Bd2 Qg4 22. Kg2 Nxh4+ 23. Kh2 Qf3 24. Rg1 Ng4+ 25. Kh3 Nxf2+
26. Kxh4 Qg4# 0-1

[Event "9ème Open International de Rouen"]
[Site "Hôtel de Région - 76000 Rouen"]
[Date "2016.12.17"]
[Round "1.44"]
[White "Pheng, Wissam"]
[Black "Panier, Yves"]
[Result "1-0"]
[WhiteElo "1708"]
[BlackElo "1160"]
[PlyCount "95"]
[EventDate "2016.??.??"]

1. c4 c6 2. Nf3 d5 3. cxd5 cxd5 4. d4 Nf6 5. Nc3 e6 6. a3 Bd6 7. e3 O-O 8. Qc2
Nbd7 9. Nb5 Be7 10. Bd3 a6 11. Nc3 b6 12. Ne5 Bb7 13. O-O Rc8 14. Nxd7 Qxd7
15. Qe2 Ra8 16. b3 Rfc8 17. Bb2 Bd8 18. Nb1 b5 19. Nd2 Be7 20. b4 Bd6 21. Nb3
Rc7 22. Nc5 Bxc5 23. dxc5 Ne8 24. Rad1 g6 25. Be5 Rc6 26. Bc2 Rcc8 27. Ra1 Ra7
28. a4 Rca8 29. Ra3 Bc6 30. a5 Qb7 31. f4 Rd8 32. Bd4 Qe7 33. Bd3 f5 34. Qb2
Kf7 35. Rf3 h5 36. g3 Kg8 37. Kf1 Rdd7 38. Ke1 Qh7 39. Kd1 Rf7 40. Kc1 h4
41. Qg2 Ng7 42. Kd1 Rae7 43. gxh4 Qxh4 44. Rh3 Qg4+ 45. Qxg4 fxg4 46. Rh4 Bd7
47. Bxg6 e5 48. Bxf7+ 1-0

[Event "9ème Open International de Rouen"]
[Site "Hôtel de Région - 76000 Rouen"]
[Date "2016.12.17"]
[Round "1.45"]
[White "Argouse, Alexandre"]
[Black "Fourcart, Marc"]
[Result "1/2-1/2"]
[WhiteElo "1148"]
[BlackElo "1706"]
[PlyCount "127"]
[EventDate "2016.??.??"]

1. e4 c5 2. Nc3 d6 3. f4 Nc6 4. Bc4 e6 5. Nf3 Nge7 6. d4 cxd4 7. Nxd4 g6
8. Nxc6 Nxc6 9. Bb5 Bg7 10. Be3 O-O 11. Bxc6 bxc6 12. Bd4 Ba6 13. Bxg7 Kxg7
14. h4 Qc7 15. h5 Rg8 16. Qd4+ e5 17. fxe5 dxe5 18. h6+ Kh8 19. Qf2 Qe7
20. O-O-O Bc8 21. Rhf1 f5 22. g3 Qg5+ 23. Qd2 Qe7 24. Rfe1 Be6 25. b3 Rgd8
26. Qe2 Qg5+ 27. Qe3 Rxd1+ 28. Nxd1 f4 29. gxf4 Qxf4 30. Qxf4 exf4 31. Rf1 Rf8
32. Nc3 g5 33. Kd2 g4 34. Rg1 Rf6 35. Ne2 g3 36. Ke1 Kg8 37. e5 Rf7 38. Kf1
Bh3+ 39. Ke1 g2 40. e6 Rf6 41. e7 Kf7 42. Kf2 Kxe7 43. Kf3 Ke6 44. Nxf4+ Kd6
45. Ke4 Rxh6 46. Nxh3 Rxh3 47. Rxg2 Rh4+ 48. Kd3 Rh3+ 49. Kd4 c5+ 50. Kc4 a6
51. Rd2+ Kc6 52. b4 Rh4+ 53. Kb3 Rxb4+ 54. Ka3 Rd4 55. Rh2 Rd7 56. Ka4 Rg7
57. Ka5 Rg4 58. Rxh7 Rg2 59. Rh6+ Kd5 60. Kxa6 Rxc2 61. Rh5+ Kc4 62. Rh4+ Kc3
63. Kb5 Kb2 64. Rc4 1/2-1/2

[Event "9ème Open International de Rouen"]
[Site "Hôtel de Région - 76000 Rouen"]
[Date "2016.12.18"]
[Round "2.1"]
[White "Shchekachev, Andrei"]
[Black "Delaruelle, Christian"]
[Result "1-0"]
[WhiteElo "2554"]
[BlackElo "1840"]
[PlyCount "51"]
[EventDate "2016.??.??"]

1. Nf3 Nc6 2. d4 d5 3. c4 Bg4 4. Nc3 Nf6 5. cxd5 Bxf3 6. gxf3 Nxd5 7. e4 Nxc3
8. bxc3 e6 9. Rb1 Rb8 10. Qa4 Qd6 11. Bb5 Kd7 12. Qxa7 Be7 13. Qa4 Ra8 14. Qc2
Ra5 15. O-O Rha8 16. d5 exd5 17. exd5 Rxb5 18. Rxb5 Ne5 19. Qf5+ Ke8 20. Re1 f6
21. Kg2 Rxa2 22. Bf4 Qa6 23. Bxe5 Qxb5 24. Qc8+ Kf7 25. Qe6+ Ke8 26. Bxf6 1-0

[Event "9ème Open International de Rouen"]
[Site "Hôtel de Région - 76000 Rouen"]
[Date "2016.12.18"]
[Round "2.2"]
[White "Andrieu, Philippe"]
[Black "Le Roux, Jean-Pierre"]
[Result "0-1"]
[WhiteElo "1831"]
[BlackElo "2552"]
[PlyCount "102"]
[EventDate "2016.??.??"]

1. c4 Nf6 2. g3 e5 3. Bg2 c6 4. d4 exd4 5. Qxd4 Na6 6. Nf3 Be7 7. O-O d5
8. cxd5 Qxd5 9. Nc3 Qh5 10. Bg5 h6 11. Bf4 O-O 12. Rad1 Be6 13. Qe5 Qxe5
14. Bxe5 Rad8 15. Nd4 Bd7 16. e4 Ng4 17. Bf4 g5 18. Bc1 Nc5 19. e5 Nxe5
20. Rfe1 Bf6 21. Ne4 Nxe4 22. Bxe4 Bg4 23. f3 Rxd4 24. Rxd4 Nxf3+ 25. Bxf3
Bxd4+ 26. Kg2 Be6 27. h4 Bf6 28. Be3 Rd8 29. b3 a6 30. Be4 Kg7 31. hxg5 hxg5
32. Kf3 Rh8 33. Kg2 Re8 34. Kf3 a5 35. Rd1 Ra8 36. Rd2 a4 37. b4 a3 38. b5 cxb5
39. Bxb7 Rb8 40. Be4 b4 41. Rh2 Rh8 42. Rf2 Re8 43. Bc6 Rc8 44. Ba4 Rc3 45. Ke4
Rc4+ 46. Kd3 Rg4 47. Rg2 Bc4+ 48. Kc2 Bxa2 49. Bb3 Rc4+ 50. Bxc4 Bxc4 51. Bc1
b3+ 0-1

[Event "9ème Open International de Rouen"]
[Site "Hôtel de Région - 76000 Rouen"]
[Date "2016.12.18"]
[Round "2.3"]
[White "Loiseau, Quentin"]
[Black "Fontaine, Olivier"]
[Result "1-0"]
[WhiteElo "2440"]
[BlackElo "1826"]
[PlyCount "83"]
[EventDate "2016.??.??"]

1. e4 c5 2. Nf3 d6 3. d4 cxd4 4. Nxd4 Nf6 5. Nc3 a6 6. h3 b5 7. Nd5 e6 8. Nxf6+
Qxf6 9. g4 Bb7 10. Bg2 Nc6 11. Be3 Nxd4 12. Bxd4 e5 13. Be3 Be7 14. h4 Qe6 15.
g5 Qc4 16. b3 Qc3+ 17. Bd2 Qd4 18. c3 Qc5 19. Qg4 Bc8 20. Qg3 Be6 21. O-O O-O
22. Rac1 Rac8 23. Bh3 Bxh3 24. Qxh3 d5 25. Be3 Qc6 26. exd5 Qxd5 27. Rfd1 Qe4
28. Re1 Qc6 29. c4 bxc4 30. Rxc4 Qa8 31. Rec1 Rxc4 32. Rxc4 Qd5 33. Qh1 Qa5 34.
Ra4 Qe1+ 35. Kg2 Qe2 36. Qf1 Qh5 37. Qxa6 Rd8 38. Qb7 Bf8 39. Qe4 Bd6 40. Qf3
Qg6 41. Ra8 Rxa8 42. Qxa8+ 1-0

[Event "9ème Open International de Rouen"]
[Site "Hôtel de Région - 76000 Rouen"]
[Date "2016.12.18"]
[Round "2.4"]
[White "Naji, Nil"]
[Black "Okhotnik, Vladimir"]
[Result "0-1"]
[WhiteElo "1825"]
[BlackElo "2429"]
[PlyCount "56"]
[EventDate "2016.??.??"]

1. d4 d6 2. e4 Nf6 3. Nc3 Nbd7 4. Nf3 e5 5. Bc4 Be7 6. O-O O-O 7. Re1 c6 8. a4
a5 9. h3 exd4 10. Qxd4 Qb6 11. Qd2 Ne5 12. Nxe5 dxe5 13. Bb3 Nd7 14. Qe2 Nc5
15. Be3 Qc7 16. Bc4 Be6 17. Bxc5 Bxc5 18. Bxe6 fxe6 19. Nd1 Qb6 20. Ne3 Rf6
21. c3 Raf8 22. b4 axb4 23. Rab1 Rxf2 24. Qxf2 Rxf2 25. Kxf2 b3 26. Kf3 b2
27. Nd1 Qd8 28. Nxb2 Qd2 0-1

[Event "9ème Open International de Rouen"]
[Site "Hôtel de Région - 76000 Rouen"]
[Date "2016.12.18"]
[Round "2.5"]
[White "Legky, Nikolay A"]
[Black "Pinchon, Henri"]
[Result "1-0"]
[WhiteElo "2425"]
[BlackElo "1819"]
[PlyCount "65"]
[EventDate "2016.??.??"]

1. d4 Nf6 2. c4 c5 3. d5 b5 4. cxb5 a6 5. bxa6 g6 6. Nc3 d6 7. e4 Nbd7 8. Nf3
Bg7 9. Bb5 O-O 10. O-O Bxa6 11. Bxa6 Rxa6 12. Qe2 Rb6 13. Nd2 Rb8 14. Nc4 Ne8
15. Bd2 Qc7 16. a4 Ne5 17. Nb5 Qd7 18. Bc3 Nxc4 19. Qxc4 Bxc3 20. bxc3 Nf6
21. Qd3 Nh5 22. f4 Qg4 23. g3 c4 24. Qf3 Qd7 25. Nd4 Rfe8 26. f5 Nf6 27. g4 Qa7
28. fxg6 Rf8 29. gxf7+ Rxf7 30. g5 Rg7 31. Kh1 Nd7 32. Ne6 Ne5 33. Qf8+ 1-0

[Event "9ème Open International de Rouen"]
[Site "Hôtel de Région - 76000 Rouen"]
[Date "2016.12.18"]
[Round "2.6"]
[White "Mergen, Bat"]
[Black "Neiman, Emmanuel"]
[Result "0-1"]
[WhiteElo "1802"]
[BlackElo "2274"]
[PlyCount "58"]
[EventDate "2016.??.??"]

1. c4 e6 2. g3 d5 3. cxd5 exd5 4. Bg2 Nf6 5. Nf3 Be7 6. O-O O-O 7. d4 c6 8. a3
Re8 9. b4 a5 10. b5 cxb5 11. Bd2 Nc6 12. e3 Bf5 13. Ne5 Bd6 14. f4 Be4 15. Qb3
Bxg2 16. Kxg2 b4 17. Rc1 a4 18. Qb2 Na5 19. Bxb4 Nb3 20. Nd2 Nxa1 21. Rxa1 Qb6
22. Rb1 Bxb4 23. Qa2 Qa6 24. Rxb4 Qe2+ 25. Kh3 Ne4 26. Rxb7 Rxe5 27. fxe5 Nf2+
28. Kg2 Ng4+ 29. Kh3 Nxe3 0-1

[Event "9ème Open International de Rouen"]
[Site "Hôtel de Région - 76000 Rouen"]
[Date "2016.12.18"]
[Round "2.7"]
[White "Bordais, Benjamin"]
[Black "Vigneron, Frederic"]
[Result "1-0"]
[WhiteElo "2119"]
[BlackElo "1800"]
[PlyCount "83"]
[EventDate "2016.??.??"]

1. e4 d6 2. d4 Nf6 3. Nc3 c6 4. f3 Qa5 5. Bd3 e5 6. Ne2 Be7 7. Be3 Nbd7 8. O-O
O-O 9. Ng3 g6 10. Nce2 Re8 11. c3 Bf8 12. Qd2 Bg7 13. h3 Nf8 14. f4 exd4
15. cxd4 Qxd2 16. Bxd2 h5 17. Nc3 h4 18. Nge2 d5 19. e5 N6h7 20. Be1 f6
21. Bxh4 fxe5 22. fxe5 g5 23. Be1 g4 24. hxg4 Bxg4 25. Bd2 Ne6 26. Bg6 Rf8
27. Be3 Rxf1+ 28. Rxf1 Rf8 29. Nf4 Nhg5 30. Nxe6 Nxe6 31. Rxf8+ Bxf8 32. Kf2
Kg7 33. Bc2 Bh5 34. Bf5 Bf7 35. Ke2 Be7 36. Kd3 Nd8 37. g4 Be6 38. Ne2 b6
39. Nf4 Kf7 40. Ng6 Bb4 41. Bg5 Bxf5+ 42. gxf5 1-0

[Event "9ème Open International de Rouen"]
[Site "Hôtel de Région - 76000 Rouen"]
[Date "2016.12.18"]
[Round "2.8"]
[White "Guillaumat, Jean-Pierre"]
[Black "Albaric, Etienne"]
[Result "0-1"]
[WhiteElo "1794"]
[BlackElo "2098"]
[PlyCount "80"]
[EventDate "2016.??.??"]

1. d4 d5 2. Nf3 Nf6 3. c4 e6 4. Nc3 Be7 5. e3 O-O 6. Bd3 b6 7. O-O Bb7 8. cxd5
exd5 9. Re1 Nbd7 10. Ne2 Ne4 11. Ng3 g6 12. Bxe4 dxe4 13. Nd2 f5 14. b4 Nf6
15. a3 a6 16. Bb2 Qd7 17. Qc2 Rac8 18. Rac1 Bd5 19. Ne2 Bb7 20. Nc4 Nd5 21. Ne5
Qe6 22. Nf4 Nxf4 23. exf4 Bd5 24. Re3 Bd6 25. g3 h6 26. h4 g5 27. hxg5 hxg5
28. fxg5 f4 29. gxf4 Rxf4 30. Rg3 Rcf8 31. Rf1 Bxe5 32. dxe5 Bc4 33. Bc1 Rf3
34. Rxf3 exf3 35. Qe4 Bxf1 36. Kxf1 Qh3+ 37. Ke1 Qh1+ 38. Kd2 Rd8+ 39. Ke3
Qxc1+ 40. Kxf3 Qh1+ 0-1

[Event "9ème Open International de Rouen"]
[Site "Hôtel de Région - 76000 Rouen"]
[Date "2016.12.18"]
[Round "2.9"]
[White "Chavane, Thibaut"]
[Black "Martine, Jean-Christophe"]
[Result "1/2-1/2"]
[WhiteElo "1792"]
[BlackElo "2075"]
[PlyCount "67"]
[EventDate "2016.??.??"]

1. e4 d6 2. d4 Nf6 3. Nc3 c6 4. f4 Qa5 5. Qd3 e5 6. Nf3 Nbd7 7. Bd2 Qc7
8. fxe5 dxe5 9. dxe5 Nxe5 10. Nxe5 Qxe5 11. O-O-O Be6 12. g3 Be7 13. Bg2 O-O
14. Bf4 Qa5 15. Bd2 Kh8 16. Kb1 Rad8 17. Nd5 Qa4 18. b3 Qa3 19. Bc1 Qc5 20. Be3
Qa3 21. Bc1 Qd6 22. Nxe7 Qxe7 23. Qc3 Bg4 24. Rde1 Rd7 25. Bg5 Nxe4 26. Rxe4
Qxg5 27. Qb4 Rfd8 28. Rxg4 Rd1+ 29. Rxd1 Rxd1+ 30. Kb2 Qc1+ 31. Kc3 Qd2+
32. Kb2 Qc1+ 33. Kc3 Qd2+ 34. Kb2 1/2-1/2

[Event "9ème Open International de Rouen"]
[Site "Hôtel de Région - 76000 Rouen"]
[Date "2016.12.18"]
[Round "2.10"]
[White "Le Bourhis, Dominique"]
[Black "Ayoub, Georges"]
[Result "1-0"]
[WhiteElo "2065"]
[BlackElo "1761"]
[PlyCount "57"]
[EventDate "2016.??.??"]

1. Nf3 Nf6 2. c4 e6 3. Nc3 b6 4. g3 Be7 5. Bg2 Bb7 6. O-O O-O 7. Re1 d5 8. Ne5
c5 9. d4 Nbd7 10. Nxd7 Qxd7 11. cxd5 exd5 12. dxc5 bxc5 13. Qc2 Rac8 14. Rd1
Rfd8 15. Bg5 d4 16. Bxf6 Bxf6 17. Bxb7 Qxb7 18. Ne4 Be5 19. Ng5 g6 20. Qc4 Bf6
21. Nf3 Qxb2 22. Rab1 Qc3 23. Qa6 Rb8 24. Qxf6 Rbc8 25. Ne5 Rf8 26. Rb7 Qc2
27. Nxf7 Qxd1+ 28. Kg2 Qd2 29. Qh8# 1-0

[Event "9ème Open International de Rouen"]
[Site "Hôtel de Région - 76000 Rouen"]
[Date "2016.12.18"]
[Round "2.11"]
[White "Lelievre, Clement"]
[Black "Garcia, Adrien"]
[Result "0-1"]
[WhiteElo "1786"]
[BlackElo "2011"]
[PlyCount "190"]
[EventDate "2016.??.??"]

1. e4 Nc6 2. d4 d5 3. e5 f6 4. f4 Nh6 5. Nf3 Bg4 6. c3 e6 7. Bd3 Be7 8. O-O f5
9. a4 Nf7 10. a5 O-O 11. a6 b6 12. b4 Rc8 13. Na3 Kh8 14. Qa4 Nb8 15. Be3 Bxf3
16. gxf3 c6 17. Kh1 b5 18. Qb3 Nd7 19. Rg1 Nb6 20. Nb1 Nc4 21. Bxc4 dxc4
22. Qc2 Qd5 23. Qg2 g6 24. Nd2 Rg8 25. Qf2 Nh6 26. h3 Rg7 27. Kh2 Ng8 28. Rg2
Bf8 29. Nf1 Ne7 30. Bd2 Qd8 31. Ne3 Nd5 32. Nxd5 cxd5 33. Ra5 Qd7 34. Be1 Be7
35. Kh1 Rcg8 36. h4 Bd8 37. Ra2 Qc8 38. Qg1 Qd7 39. Rh2 Qc6 40. Rhg2 Qd7
41. Qh2 Bc7 42. Kg1 Rb8 43. Kf1 Rb6 44. h5 Kg8 45. Bh4 Bd8 46. hxg6 Bxh4
47. gxh7+ Kh8 48. Qxh4 Qe7 49. Qxe7 Rxe7 50. Rg8+ Kxh7 51. Rg3 Kh8 52. Rg1 Rg7
53. Rxg7 Kxg7 54. Kg2 Kf7 55. Kg3 Rb8 56. Ra5 Rg8+ 57. Kf2 Rb8 58. Kg3 Kg6
59. Ra1 Rb6 60. Kh4 Rb8 61. Kg3 Kf7 62. Kf2 Rb6 63. Ra5 Ke7 64. Kg3 Rb8 65. Kh4
Kd7 66. Kg5 Ke7 67. Kh4 Kd7 68. Kg5 Ke7 69. Kh4 Kf8 70. Ra1 Ke7 71. Kg3 Rg8+
72. Kf2 Rh8 73. Kg3 Kd7 74. Kg2 Kc6 75. Kg3 Kb6 76. Kg2 Rg8+ 77. Kf2 Rg7
78. Ra3 Rh7 79. Ra1 Rh2+ 80. Kg3 Rc2 81. Ra3 Rb2 82. Kh3 Rb3 83. Ra1 Rxc3
84. Kh4 Rxf3 85. Kg5 c3 86. Kf6 Rxf4 87. Kxe6 Rxd4 88. Kxf5 Rxb4 89. Ke6 d4
90. Kd7 d3 91. e6 Re4 92. e7 Rxe7+ 93. Kxe7 c2 94. Kd7 d2 95. Kc8 c1=Q+ 0-1

[Event "9ème Open International de Rouen"]
[Site "Hôtel de Région - 76000 Rouen"]
[Date "2016.12.18"]
[Round "2.12"]
[White "Daniel, Antoine"]
[Black "Cardon, Guillaume"]
[Result "1-0"]
[WhiteElo "1983"]
[BlackElo "1735"]
[PlyCount "63"]
[EventDate "2016.??.??"]

1. e4 c5 2. Nf3 e6 3. d4 cxd4 4. Nxd4 a6 5. Be2 b5 6. O-O Bb7 7. a4 b4 8. Nd2
Nf6 9. e5 Nd5 10. N2b3 d6 11. f4 Nd7 12. f5 Nxe5 13. fxe6 f6 14. Nf5 Nc7 15. e7
Bxe7 16. Nxg7+ Kf7 17. Nf5 Ne6 18. Bh5+ Ng6 19. Re1 Re8 20. Nh6+ Kg7 21. Rxe6
Qb6+ 22. Qd4 Qxd4+ 23. Nxd4 Bf8 24. Nhf5+ Kh8 25. Bd2 Rxe6 26. Nxe6 Be4
27. Nfd4 Be7 28. Bxg6 Bxg6 29. Bxb4 Rb8 30. Bc3 d5 31. Nc6 Bc5+ 32. Nxc5 1-0